Top 5 European Leagues Top Clean Sheets: 2004/05 - Statistics

General Stats
  • This quiz has been taken 3 times
  • The average score is 6 of 27
Answer Stats
League Clean Sheets Club Nationality Player % Correct
Serie A 20 Juventus Italy Gianluigi Buffon
100%
La Liga 16 Real Madrid Spain Iker Casillas
100%
Bundesliga 15 Bayern Munich Germany Oliver Kahn
100%
La Liga 14 Villarreal Spain Pepe Reina
67%
Premier League 24 Chelsea Czechia Petr Cech
67%
La Liga 19 Barcelona Spain Victor Valdes
67%
Premier League 15 Blackburn USA Brad Friedel
33%
Serie A 17 Milan Brazil Dida
33%
Bundesliga 12 Hannover Germany Robert Enke
33%
Bundesliga 14 Stuttgart Germany Timo Hildebrand
33%
La Liga 13 Espanyol Cameroon Carlos Kameni
0%
Bundesliga 11 Hertha Berlin Germany Christian Fielder
0%
Premier League 12 Charlton Ireland Dean Kiely
0%
Serie A 19 Sampdoria Italy Francesco Antonioli
0%
Serie A 14 Inter Italy Francesco Toldo
0%
Ligue 1 16 Lyon France Gregory Coupet
0%
Ligue 1 18 Saint-Etienne France Jeremie Janot
0%
La Liga 15 Atletico Madrid Argentina Leo Franco
0%
Serie A 13 Palermo Italy Matteo Guardalben
0%
Ligue 1 15 Nantes France Mickael Landreau
0%
Serie A 13 Udinese Italy Morgan De Sanctis
0%
Premier League 14 Everton England Nigel Martyn
0%
Premier League 12 Tottenham England Paul Robinson
0%
Premier League 15 Manchester United Northern Ireland Roy Carroll
0%
Bundesliga 10 Wolfsburg Germany Simon Jentzsch
0%
Ligue 1 16 Lille Senegal Tony Sylva
0%
Ligue 1 16 Bordeaux France Ulrich Rame
0%
No matching quizzes found
Score Distribution
Percent of People with Each Score
Percentile by Number Answered
Your Score History
You have not taken this quiz